| 000 | 00431nam a2200181Ia 4500 | ||
|---|---|---|---|
| 008 | 210210b1953 xxu||||| |||| 00| 0 eng d | ||
| 041 | _aeng | ||
| 082 | _a825/145 | ||
| 100 | _aBURTON (H) | ||
| 245 | _aColeridge and the wordsworths | ||
| 260 |
_aLondon _bOxford University Press _c1953 |
||
| 650 | _awordsworths | ||
| 650 | _athe | ||
| 650 | _aColeridge | ||
| 650 | _aand | ||
| 690 | _aEnglish Criticism | ||
| 906 | _a014462 | ||
| 999 |
_c133645 _d133645 |
||